Countries with the lowest average elevation in the world - Statistics

General Stats
  • This quiz has been taken 47 times
  • The average score is 9 of 10
Answer Stats
Elevation(m) Hint Answer % Correct
85 Close to India and has a high population. Bangladesh
98%
34 Country located in Europe, between Sweden and Germany, next to the North Sea. Denmark
98%
61 Next to Lithuania and Latvia, is in the Scandinavian Peninsula. Estonia
98%
30 Located in Northwest Europe, is a small but with a high population density country. Netherlands
98%
2 Very popular for vacation, is a a group of islands on the Indian Ocean. Maldives
96%
28 Small country located in the Middle East. Its economy is based on petroleum. Also known for having one of the best airlines. Qatar
93%
69 Its capital is Dakar and was a french colony. Senegal
89%
70 There are more countries with the same name in the same continent, Africa. The second word starts with B. Guinea Bissau
85%
34 Its capital is Banjul, and is located just next to another answer you (should) have already answered Gambia
80%
83 Islands located in the Caribbean Sea, has a spanish name. Trinidad and Tobago
65%
No matching quizzes found
Score Distribution
Percent of People with Each Score
Percentile by Number Answered
Your Score History
You have not taken this quiz